00650nam a2200181 a 4500008004100000020002500041100002600066245014600092260003900238300002700277500002000304650004600324650004600370700002500416003000100441005001700442040000900459  a9780340946916 (pbk.)1 aBrockelsby, Jeremy C.10aSelf-assessment by ten teachers :bEMQs, MCQs, SAQs and OSCEs in obstetrics and gynaecology /cJeremy C. Brockelsby [and] Christian Phillips. aLondon :bHodder Education,c2007. aviii, 127 p. ;c24 cm. aIncludes index. 1aGynaecologyvExaminations,questions, etc. aObstetricsvExaminations, questions, etc. aPhillips, Christian.20230120204026.0 cNUST